Mapa Brasil Vegetação (Record no. 119959)

MARC details
000 -LÍDER
campo de controle de tamanho fixo 00253 a2200121 4500
001 - NÚMERO DE CONTROLE
campo de controle 119959
040 ## - FONTE DA CATALOGAÇÃO
Instituição que transcreveu o registro Escola Canadense de Niteroi
245 10 - TÍTULO
Título Mapa Brasil Vegetação
650 #4 - ASSUNTO--TERMO TÓPICO
Cabeçalho tópico ou nome geográfico Mapa
650 #4 - ASSUNTO--TERMO TÓPICO
Cabeçalho tópico ou nome geográfico vegetação
650 #4 - ASSUNTO--TERMO TÓPICO
Cabeçalho tópico ou nome geográfico Brasil
942 ## - ELEMENTOS DE ENTRADA ADICIONADOS (KOHA)
Tipo de material Koha Materiais pedagógicos
Holdings
Situação do descarte Situação das perdas Situação física Não pode ser emprestado Biblioteca de origem Biblioteca atual Data de aquisição Total de empréstimos Código de barras Data de último acesso Data do preço efetivo Tipo de material Koha
        Canadian School of Niterói - Piratininga Canadian School of Niterói - Piratininga 09/02/2024   A10794 09/02/2024 09/02/2024 Materiais pedagógicos